000 00661nam a2200193Ii 4500
003 JO-AjNU
008 230605s9999||||xx |||||||||||||| ||und||
040 _aJO-AjNU
_bara
_erda
_cJO-AjNU
041 _aara
050 1 4 _aBF149.S3.1981
100 3 _aخير الله، سيد,
_eauthor
_938333
245 0 0 _aبحوث نفسية وتربوية
264 3 1 _aبيروت:دار النهضة العربية للطباعة والنشر،1981
300 _a186ص
336 _atext
_btxt
_2rdacontent
337 _aunmediated
_bn
_2rdamedia
338 _avolume
_bnc
_2rdacarrier
650 4 _aابتكار-اختبارات نفسية-علم نفس تربوي
_938334
999 _aA16096
_c19664
_d19664